LEADER 00635oam 2200193z- 450 001 996574877803316 010 $a1-66549-641-X 035 $a(CKB)5860000000053770 035 $a(EXLCZ)995860000000053770 100 $a20221212c2022uuuu -u- - 101 0 $aeng 200 00$a2022 IEEE/ACM Seventh International Conference on Internet-of-Things Design and Implementation (IoTDI) 210 $cIEEE 311 $a1-66549-642-8 517 $a2022 IEEE/ACM Seventh International Conference on Internet-of-Things Design and Implementation 906 $aPROCEEDING 912 $a996574877803316 996 $a2022 IEEE$92807321 997 $aUNISA